000 01552cam a2200241 4500500
005 20250121083344.0
041 _afre
042 _adc
100 1 0 _aLequin, Julie
_eauthor
245 0 0 _aChallenges and issues of coordination in local food systems (SYAM): An analysis based on the Actor-Network Theory
260 _c2021.
500 _a81
520 _aAlternative food systems are a field of research of interest. For example, new innovative and hybrid forms of food systems are emerging such as the agriculture of the middle or “Food system of the middle” (FSOM). Research about mechanisms of coordination within these systems needs to be further developed: how FSOM emerge and stabilization in time? To answer this question, we analyze step by step the networking between actors participating in a collective action using Actor-Network Theory. The results of this research suggest that FSOM networks are never really stabilized. They develop by alternating between expansion and tightening phases. FSOM reconfigure through tensions due to coordination and hybridization challenges. The article shows how SYAM succeed to address these challenges.JEL Codes: D74
690 _aNeobanking
690 _aWealth Management
690 _aMicrocredit
690 _aInnovation
690 _aHumanization
690 _aFintech
690 _aOnline payments
786 0 _nInnovations | o 64 | 1 | 2021-01-14 | p. 15-39 | 1267-4982
856 4 1 _uhttps://shs.cairn.info/journal-innovations-2021-1-page-15?lang=en&redirect-ssocas=7080
999 _c503072
_d503072